Biggest Cities in Georgia (Extreme) - Statistics

General Stats
  • This quiz has been taken 17 times
  • The average score is 88 of 354
Answer Stats
Population City % Correct
498,715 Atlanta
100%
202,081 Augusta
93%
127,315 Athens
87%
157,346 Macon
87%
147,780 Savannah
87%
206,922 Columbus
80%
55,378 Valdosta
73%
65,818 Alpharetta
60%
24,928 Decatur
60%
5,557 Jackson
60%
55,663 Smyrna
60%
80,308 Warner Robins
60%
3,754 Washington
60%
15,210 Brunswick
53%
13,233 Jefferson
53%
82,453 Johns Creek
53%
60,972 Marietta
53%
37,713 Rome
53%
92,833 Roswell
53%
108,080 Sandy Springs
53%
69,647 Albany
47%
34,417 Dalton
47%
31,873 Duluth
47%
30,858 LaGrange
47%
42,549 Newnan
47%
38,244 Peachtree City
47%
2,703 Springfield
47%
33,438 Statesboro
47%
16,230 Americus
40%
7,495 Auburn
40%
7,713 Austell
40%
5,371 Blakely
40%
17,144 Buford
40%
5,026 Cochran
40%
17,305 Conyers
40%
14,192 Covington
40%
11,722 Douglas
40%
5,658 Eastman
40%
42,296 Gainesville
40%
3,436 Gray
40%
34,891 Hinesville
40%
3,480 Leesburg
40%
4,447 Madison
40%
17,070 Milledgeville
40%
41,296 Milton
40%
14,928 Monroe
40%
20,624 Perry
40%
107,436 South Fulton
40%
7,425 Swainsboro
40%
13,942 Waycross
40%
5,571 Adel
33%
3,433 Alma
33%
1,884 Arcade
33%
14,468 Bainbridge
33%
6,292 Barnesville
33%
1,207 Boston
33%
7,185 Bremen
33%
55,161 Brookhaven
33%
1,881 Butler
33%
10,179 Cairo
33%
16,949 Calhoun
33%
26,738 Carrollton
33%
10,190 Cedartown
33%
8,228 Centerville
33%
30,164 Chamblee
33%
2,917 Chickamauga
33%
13,930 College Park
33%
7,387 Commerce
33%
10,220 Cordele
33%
14,042 Dallas
33%
4,414 Dawson
33%
2,833 Donalsonville
33%
10,623 Doraville
33%
16,074 Dublin
33%
51,683 Dunwoody
33%
38,358 East Point
33%
6,307 Eatonton
33%
4,640 Elberton
33%
4,384 Forsyth
33%
8,780 Fort Valley
33%
23,478 Griffin
33%
3,980 Hawkinsville
33%
4,088 Hazlehurst
33%
1,264 Homer
33%
2,344 Homerville
33%
4,084 Jasper
33%
9,809 Jesup
33%
4,235 Jonesboro
33%
33,036 Kennesaw
33%
18,337 Kingsland
33%
6,888 LaFayette
33%
2,952 Lake City
33%
30,629 Lawrenceville
33%
16,644 Lithia Springs
33%
8,947 Locust Grove
33%
29,051 McDonough
33%
6,569 Morrow
33%
14,638 Moultrie
33%
17,209 Norcross
33%
25,711 Pooler
33%
4,064 Quitman
33%
16,633 Richmond Hill
33%
10,934 Rincon
33%
3,414 Ringgold
33%
15,129 Riverdale
33%
5,813 Sandersville
33%
20,573 Snellville
33%
28,973 Stockbridge
33%
6,703 Stone Mountain
33%
25,076 Sugar Hill
33%
4,435 Summerville
33%
20,786 Suwanee
33%
2,634 Sylvania
33%
18,881 Thomasville
33%
6,814 Thomson
33%
17,045 Tifton
33%
9,133 Toccoa
33%
37,005 Tucker
33%
26,830 Union City
33%
1,062 Woodbine
33%
2,685 Abbeville
27%
22,440 Acworth
27%
4,878 Adairsville
27%
1,209 Arlington
27%
3,567 Avondale Estates
27%
4,942 Baxley
27%
15,113 Belvedere Park
27%
1,253 Blue Ridge
27%
1,585 Buena Vista
27%
22,468 Candler-McAfee
27%
23,187 Cartersville
27%
4,874 Chatsworth
27%
14,756 Clarkston
27%
2,602 Claxton
27%
3,514 Cleveland
27%
2,001 Colquitt
27%
6,680 Conley
27%
7,318 Cumming
27%
9,565 Cusseta
27%
7,537 Dahlonega
27%
8,266 Dock Junction
27%
34,650 Douglasville
27%
1,022 East Newnan
27%
1,595 Ellaville
27%
1,058 Enigma
27%
16,483 Fairburn
27%
18,957 Fayetteville
27%
9,006 Fitzgerald
27%
4,464 Folkston
27%
19,932 Forest Park
27%
10,289 Garden City
27%
11,916 Georgetown
27%
3,834 Glennville
27%
1,783 Gordon
27%
4,730 Grayson
27%
7,700 Gresham Park
27%
3,384 Hahira
27%
1,680 Hamilton
27%
8,368 Hampton
27%
6,553 Hapeville
27%
3,267 Hogansville
27%
2,875 Lakeland
27%
2,143 Lavonia
27%
14,502 Lilburn
27%
2,662 Lithonia
27%
14,127 Loganville
27%
10,122 Lovejoy
27%
4,239 Lyons
27%
3,584 Manchester
27%
4,004 Metter
27%
2,141 Midway
27%
2,966 Millen
27%
3,147 Nicholls
27%
1,808 Nicholson
27%
18,511 North Decatur
27%
20,385 North Druid Hills
27%
2,308 Oxford
27%
5,071 Palmetto
27%
2,513 Pembroke
27%
1,692 Pendergrass
27%
10,878 Port Wentworth
27%
2,869 Putney
27%
31,749 Redan
27%
10,698 Scottsdale
27%
1,919 Shannon
27%
2,889 Soperton
27%
2,043 Sparks
27%
1,357 Sparta
27%
18,256 St. Marys
27%
5,644 Sylvester
27%
3,227 Tallapoosa
27%
1,642 Twin City
27%
10,785 Vidalia
27%
2,928 Vienna
27%
12,581 Vinings
27%
1,322 Walnut Grove
27%
1,240 Willacoochee
27%
18,338 Winder
27%
35,065 Woodstock
27%
2,217 Wrens
27%
1,225 Zebulon
27%
2,790 Bloomingdale
20%
4,406 Bonanza
20%
13,403 Braselton
20%
32,973 Canton
20%
1,911 Clarkesville
20%
2,003 Clayton
20%
1,021 Clermont
20%
1,512 Comer
20%
4,503 Cornelia
20%
6,882 Dacula
20%
1,460 Darien
20%
3,720 Dawsonville
20%
2,022 Demorest
20%
3,143 Cuthbert
20%
1,862 Ellijay
20%
34,536 Evans
20%
10,423 Fort Oglethorpe
20%
3,648 Greensboro
20%
15,577 Grovetown
20%
3,571 Harlem
20%
4,470 Hartwell
20%
4,929 Hiram
20%
16,213 Holly Springs
20%
2,336 Indian Springs
20%
1,480 Lincolnton
20%
2,381 Louisville
20%
40,834 Mableton
20%
34,535 Martinez
20%
1,149 McCaysville
20%
6,253 McRae-Helena
20%
2,541 Monticello
20%
1,741 Morgan
20%
1,013 Nahunta
20%
4,947 Nashville
20%
11,237 Panthersville
20%
42,243 Peachtree Corners
20%
1,821 Pearson
20%
2,803 Raoul
20%
1,142 Resaca
20%
1,370 Richland
20%
1,167 Rochelle
20%
4,732 Rockmart
20%
2,649 Royston
20%
5,016 Senoia
20%
5,089 Temple
20%
9,816 Thomaston
20%
1,960 Trion
20%
3,114 Tybee Island
20%
7,658 Tyrone
20%
3,118 Unadilla
20%
16,970 Villa Rica
20%
1,643 Wadley
20%
5,799 Waynesboro
20%
3,719 West Point
20%
3,449 Wrightsville
20%
4,291 Ashburn
13%
3,629 Baldwin
13%
2,560 Ball Ground
13%
2,054 Berkeley Lake
13%
3,506 Blackshear
13%
1,704 Brooklet
13%
5,702 Byron
13%
5,187 Camilla
13%
8,373 Country Club Estates
13%
1,832 Davisboro
13%
1,230 Edison
13%
4,268 Euharlee
13%
3,328 Experiment
13%
9,028 Fair Oaks
13%
2,358 Gumlog
13%
2,666 Hoschton
13%
8,740 Irondale
13%
1,590 Ludowici
13%
2,822 Lula
13%
3,047 Montezuma
13%
4,443 Montgomery
13%
1,990 Mount Vernon
13%
1,766 Mount Zion
13%
3,498 Ocilla
13%
3,507 Pelham
13%
2,515 Reidsville
13%
3,980 Rossville
13%
4,974 Social Circle
13%
2,813 Statham
13%
59,194 Stonecrest
13%
14,982 St. Simons
13%
1,472 Sunnyside
13%
2,195 Trenton
13%
1,744 Warrenton
13%
2,896 Watkinsville
13%
1,326 Bogart
7%
1,060 Broxton
7%
4,441 Buckhead
7%
1,174 Cave Spring
7%
3,962 Chattanooga Valley
7%
9,429 Druid Hills
7%
1,561 East Griffin
7%
1,415 Emerson
7%
9,391 Flowery Branch
7%
8,821 Fort Stewart
7%
3,103 Grantville
7%
2,289 Guyton
7%
2,357 Isle of Hope
7%
4,283 Lindale
7%
1,641 Lookout Mountain
7%
1,048 Marshallville
7%
1,867 Maysville
7%
13,089 Mountain Park
7%
1,145 Nelson
7%
1,318 Omega
7%
1,216 Pine Mountain
7%
1,799 Porterdale
7%
1,469 Tennille
7%
2,556 Thunderbolt
7%
3,680 Walthourville
7%
6,983 Whitemarsh Island
7%
15,129 Wilmington Island
7%
1,098 Young Harris
7%
1,440 Aragon
0%
8,999 Bemiss
0%
2,161 Bowden
0%
1,433 Cataula
0%
2,950 Chattahoochee Hills
0%
2,207 Deenwood
0%
1,238 Dutch Island
0%
2,492 East Dublin
0%
1,053 Ellerslie
0%
4,898 Fairfield Plantation
0%
1,267 Fairplay
0%
6,409 Fairview
0%
1,155 Franklin Springs
0%
3,121 Hannahs Mill
0%
3,513 Hardwick
0%
2,178 Henderson
0%
3,830 Hephzibah
0%
4,679 Heron Bay
0%
1,037 Ivey
0%
4,777 Lakeview
0%
2,660 Lakeview Estates
0%
1,307 Moody AFB
0%
1,391 Mount Airy
0%
4,822 Oakwood
0%
16,887 Powder Springs
0%
2,724 Reed Creek
0%
1,334 Remerton
0%
1,061 Robins AFB
0%
1,322 Russell
0%
9,310 Skidaway Island
0%
2,534 Sterling
0%
1,247 Talahi Island
0%
1,597 Union Point
0%
1,688 Unionville
0%
2,179 Varnell
0%
No matching quizzes found
Score Distribution
Percent of People with Each Score
Percentile by Number Answered
Your Score History
You have not taken this quiz